00897nam a2200205 a 450000100100000000500170001000800410002704000250006808200200009324500900011326000390020330000270024265000350026970000410030471000830034504900090042895201180043795201190055599900170067400001660620200929164933.0100308s1990 dr a 000 0 spa d aDO-SdBNPbspacBNPHU a796.3232bR337o00aReglas oficiales de baloncesto / :by manual del juez /cprólogo Massiel Paredes L. aSanto Domingo :bSEDEFIR,c[1990]. a80 p. :bil. ;c18 cm. 4aBaloncestoxReglamentos9368981 aParedes L. , Massielepról.9368992 aSecretaría de Estado de Deportes, Educación Física y Recreación936895 aBNPD 0010718PDaPDbPDcCTd2010-03-08iLF1l0o796.3232 R337op16606-10r2020-06-25w2020-06-25yLFPDZNo se presta 00107-18PDaPDbPDcOId2010-03-08iLF1l0o796.3232 R337op16607-10r2020-06-25w2020-06-25yLFPDZNo se presta c16139d16139